000 00676nam a2200229Ia 4500
005 20230728111351.0
008 210716s2012 xx 000 0 und d
020 _a9788174469939
040 _cAIMIT LIBRARY
041 _aeng
082 _a346.07
_24
_bGULS
100 _aGulshan, S S.
_9128788
245 _aBusiness law /
_cBy S S Gulshan.
250 _a4th ed.
260 _aNew Delhi :
_bExcel Books ,
_c2012.
300 _a615p. ;
_bPB
_c27.5 cm.
650 _aBusiness Law
_9128789
651 _aMeaning and nature of law
_9128790
651 _aContract of agency
_9128791
651 _aLaw of negotiable instruments
_9128792
942 _2ddc
_cBK
_e4th
_k346.07 GULS
999 _c207205
_d207205